Spain and the Netherlands, 1559-1659 : ten studies /

Bibliographic Details
Main Author: Parker, Geoffrey, 1943-
Format: Book
Language:English
Published: Short Hills, N.J. : Enslow Publishers, 1979.
Subjects:

MARC

Tag First Indicator Second Indicator Subfields
LEADER 00000pam a2200000 i 4500
001 in00000050740
005 20151007073844.0
008 790326s1979 nju b 00110 eng
010 |a  79012356  
020 |a 0894900293 :  |c $14.95 
035 |a (OCoLC)04857902 
035 |9 AAF0507AM 
040 |a DLC  |c DLC  |d TXA  |d UtOrBLW 
043 |a e-ne---  |a e-be---  |a e-sp--- 
049 |a TXAM  |c [1191990] 
050 0 0 |a DH186.5  |b .P285 
082 0 |a 949.2/03 
100 1 |a Parker, Geoffrey,  |d 1943- 
245 1 0 |a Spain and the Netherlands, 1559-1659 :  |b ten studies /  |c Geoffrey Parker. 
264 1 |a Short Hills, N.J. :  |b Enslow Publishers,  |c 1979. 
300 |a 288 pages ;  |c 22 cm. 
336 |a text  |b txt  |2 rdacontent 
337 |a unmediated  |b n  |2 rdamedia 
338 |a volume  |b nc  |2 rdacarrier 
504 |a Includes bibliographical references and index. 
651 0 |a Netherlands  |x History  |y Eighty Years' War, 1568-1648. 
999 |a MARS 
999 f f |s 252d262e-7713-3901-afc7-8409be2a6887  |i c1e4f589-4097-34a4-ad9d-45d7938541fa  |t 0 
952 f f |p normal  |a Texas A&M University  |b College Station  |c Sterling C. Evans Library  |d Evans: Library Stacks  |t 0  |e DH186.5 .P285  |h Library of Congress classification  |i unmediated -- volume  |m A14801994827 
998 f f |a DH186.5 .P285  |t 0  |l Evans: Library Stacks